| 000 | 02468cam a2200445 i 4500 | ||
|---|---|---|---|
| 999 |
_c129930 _d129930 |
||
| 001 | 19436056 | ||
| 003 | ARRUPE | ||
| 005 | 20191016104534.0 | ||
| 008 | 170110t20162016nyu b 001 0 eng d | ||
| 010 |
_a 2017287039 _z 2016429913 |
||
| 020 |
_a9780190635060 _q(hardback) |
||
| 020 |
_a0190635061 _q(hardback) |
||
| 020 |
_a9780190634889 _q(paperback) |
||
| 020 |
_a019063488X _q(paperback) |
||
| 035 | _a(OCoLC)ocn946460890 | ||
| 040 |
_aYDXCP _beng _cYDXCP _erda _dBTCTA _dBDX _dYDX _dOCLCO _dOCLCQ _dGDC _dVGM _dPIT _dDLC |
||
| 042 | _alccopycat | ||
| 043 | _af-rh--- | ||
| 050 | 0 | 0 |
_aDT2996 _b.D66 2016 |
| 082 | 0 | 0 |
_a968.91/04 _223 |
| 100 | 1 |
_aDorman, Sara Rich, _eauthor. _948375 |
|
| 245 | 1 | 0 |
_aUnderstanding Zimbabwe : _bfrom liberation to authoritarianism / _cSara Rich Dorman. |
| 260 |
_aLondon _bHurst and company _c2016 |
||
| 300 |
_avii, 347 pages ; _c23 cm |
||
| 504 | _aIncludes bibliographical references (pages 301-324) and index. | ||
| 505 | 0 | _aUnderstanding Zimbabwean politics -- The politics of liberation (1965-1980) -- The politics of inclusion (1980-1987) -- The politics of durability (1987-1997) -- The politics of polarization (1998-2000) -- The politics of exclusion (2000-2008) -- The politics of 'winner takes all' (2008-2014) -- Writing Zimbabwe's politics. | |
| 520 | _a"Zimbabwe's recent history has been shaped by battles about who speaks for the nation, one fought out in struggles for control of political institutions, the media, and civil society. Understanding Zimbabwe examines the interactions of social groups - churches, NGOs, and political parties - from the liberation struggle, through the independence decades, as they engaged the state and ruling party. Sara Rich Dorman reveals how strategies of control and co-option were replicated and resisted, shaping expectations and behavior." | ||
| 650 | 0 |
_aPolitical culture _zZimbabwe. _948049 |
|
| 650 | 0 |
_aPolitical participation _zZimbabwe. _948376 |
|
| 650 | 7 |
_aPolitical culture _2fast _918975 |
|
| 650 | 7 |
_aPolitical participation _2fast _98001 |
|
| 650 | 7 |
_aPolitics and government _2fast _931317 |
|
| 651 | 0 |
_aZimbabwe _xHistory. _99704 |
|
| 651 | 0 |
_aZimbabwe _xPolitics and government. _948377 |
|
| 651 | 7 |
_aZimbabwe _2fast _99210 |
|
| 655 | 7 |
_aHistory _2fast _912337 |
|
| 906 |
_a7 _bcbc _ccopycat _d2 _encip _f20 _gy-gencatlg |
||
| 942 |
_2lcc _cMONOGRAPH |
||